| 000 | 00717cam a2200241 a 4500 | ||
|---|---|---|---|
| 001 | 13657776 | ||
| 005 | 20180201033623.0 | ||
| 008 | 040716s2003 ohu b 001 0 eng | ||
| 010 | _a 2004556190 | ||
| 020 | _a1583607935 | ||
| 040 |
_aDLC _cDLC _dDLC |
||
| 041 | _aeng | ||
| 043 | _an-us--- | ||
| 080 | _a342.73087 COL | ||
| 082 | 0 | 0 |
_a342.73087 COL _222 |
| 100 | 1 | _a14 | |
| 101 | _aJUR | ||
| 245 | 1 | 4 |
_aThe law of disability discrimination / _cRuth Colker, Adam A. Milani, Bonnie Poitras Tucker. |
| 504 | _aIncludes bibliographical references and index. | ||
| 906 |
_a7 _bcbc _corignew _d2 _encip _f20 _gy-gencatlg |
||
| 942 |
_2ddc _cBK |
||
| 999 |
_c41456 _d41456 |
||